Statystyki dla Czy rozpoznasz państwa po opisie? #2

Kliknij tutaj aby rozwiązać quiz!

Ogólne statystyki

  • Ten quiz został rozwiązany 533 razy
  • Średni wynik to 10 z 15

Statystyki odpowiedzi

Opis:Państwo:% Poprawnych
Państwo składające się z 50 stanów. Trzeci pod względem ludności państwo, a czwarte pod względem powierzchni.USA
93%
Państwo byłej Jugosławii. Od 2013 r. należy do Unii Europejskiej.Chorwacja
87%
Państwo demokratyczne, położone na półkuli południowej, obejmujące kontynent ..., wyspę Tasmanię i inne znacznie mniejsze wyspy na Oceanie Indyjskim i Spokojnym. Stolicą kraju jest Canberra, największym miastem jest Sydney.Australia
86%
Państwo na Bliskim Wschodzie położone w Azji Zachodniej. W populacji liczącej 7,66 miliona większość stanowią Żydzi (75%).Izrael
86%
Państwo leżące w Azji, ale częściowo leży też w Europie. Republika .. została proklamowana w 1923 roku, poprzedzającym ją państwem było Imperium Osmańskie.Turcja
83%
Państwo śródlądowe w środkowowschodniej Azji. Od północy graniczy z Rosją, a od wschodu, zachodu i południa z Chinami. Stolicą i największym miastem jest Ułan Bator, gdzie zamieszkuje ok. 47% populacji całego kraju. Kraj ten jest republiką parlamentarną.Mongolia
80%
Państwo położone w Afryce Północnej nad Morzem Śródziemnym, członek Unii Afrykańskiej. Znaczną część obszaru tego kraju zajmują wchodzące w skład Sahary pustynie oraz półpustynie.Algieria
75%
Państwo wyspiarskie usytuowane na wąskim łańcuchu wysp na zachodnim Pacyfiku, u wschodnich wybrzeży Azji. Archipelag rozciąga się niemal południkowo, tworząc łagodny łuk wygięty w stronę kontynentu.Japonia
71%
Państwo położone w Afryce Północnej, nad zatoką Wielka Syrta (Morze Śródziemne), ze stolicą w Trypolisie. Znajduje się w 20 największych państw świata.Libia
69%
Państwo w Afryce Wschodniej, położone nad Morzem Czerwonym. Graniczy m.in z Etiopią i Somalią. Państwo nie przestrzega praw człowieka.Erytrea
58%
Stolicą i jednocześnie największym miastem tego kraju jest Sana. Innymi ważniejszymi miastami są: Aden, Ta’izz, Al-Hudajda oraz Al-Mukalla. Kraj należy do Ligi Państw Arabskich.Jemen
55%
Państwo położone w centralnej Afryce. Jest to jedno z najmniejszych państw tego kontynentu oraz jedyne, gdzie językiem urzędowym jest hiszpański. W czasach kolonialnych występowało pod nazwą ... Hiszpańska. Graniczy od północy z Kamerunem oraz od południa i wschodu z Gabonem.Gwinea Równikowa
53%
Była holenderska kolonia w Ameryce Południowej. W latach 1804–1816 była w rękach Wielkiej Brytanii, lecz powróciła do Holandii. Leży nad oceanem Atlantyckim.Surinam
52%
Miasto-państwo położone w pobliżu południowego krańca Półwyspu Malajskiego, w południowo-wschodniej Azji. Jest to jeden z największych portów i centrów finansowych świata.Singapur
47%
Państwo w Afryce nad Zatoką Gwinejską. Graniczy z Burkina Faso, Nigrem, Nigerią i Togo, członek Unii Afrykańskiej i ECOWAS.Benin
38%

Rozkład punktacji

Percentyl według liczby udzielonych odpowiedzi

Procent ludzi z każdym wynikiem

Twoja historia wyników

Nie rozwiązałeś tego quizu